000 00941nam a22002417a 4500
001 76114
003 BD-RjUL
005 20211209082808.0
008 191028s2019 bg ||||| |||| 00| 0 ben d
020 _a9789849047308
035 _a(BD-RjUL)76335
040 _aBD-RjUL
_beng
_cBD-RjUL
041 _aeng
082 _223
_a954.9205092
_bEKA 2019
245 _aএকাত্তরের যোদ্ধারা /
_cসংগ্রহ ও সম্পাদনা ইসহাক কাজল
260 _aঢাকা :
_bইত্যাদি গ্রন্থ প্রকাশ,
_c২০১৯
300 _a৩০২ পৃ. :
_bচিত্র ;
_c২২ সেমি.
650 _aNationalists
_zBangladesh
_vBiography.
_9234137
650 _aRevolutionaries
_zBangladesh
_vBiography.
_9234138
651 _aBangladesh
_xHistory
_yRevolution, 1971.
_9234139
700 _aকাজল, ইসহাক
_9234141
942 _2ddc
_cBK
999 _c76114
_d76114